000 01203nam a2200253 4500
001 163695
003 ES-MaACL
005 20230906212806.0
008 950306s1870 sp |||| | spa d
040 _aEUS
_bspa
_cEUS
080 _a343.24
080 _a343.3/.7
100 1 _aRöder, Karl David August.
_9132237
245 1 4 _aLas doctrinas fundamentales reinantes sobre el delito y la pena, en sus interiores contradicciones
_b: ensayo crítico preparatorio para la renovación del derecho penal /
_cpor Carlos David Augusto Röder.
260 _aMadrid :
_b[s.n.],
_c1870 (
_fImprenta de la Revista de Legislación, a cargo de J. Morales)
300 _a174 p. ;
_c23 cm.
490 1 _aBiblioteca jurídica de la Revista General de Legislación y Jurisprudencia
500 _aPublicado en la Revista General de Legislación y Jurisprudencia.
650 0 4 _aPenas.
_915916
650 4 _aTeoría jurídica del delito.
_9145060
830 0 _aBiblioteca jurídica de la Revista General de Legislación y Jurisprudencia
_9182502
852 _aES-MaACL
_zD-4830(3)
_z-- Enc. hol., falto de la cub. original
_x-- Edic.: añadir T650 Delitos y faltas T650 Derecho penal
999 _c163695
_d163695